| 000 | 01430nam a2200253Ia 4500 | ||
|---|---|---|---|
| 999 |
_c48194 _d48194 |
||
| 001 | 15076 | ||
| 003 | GE_BSU | ||
| 005 | 20200825124239.0 | ||
| 008 | 181216s2011ge xx |||||||||||||| ||geo|| | ||
| 020 | _a9789994098583 | ||
| 040 | _cGE_BSU | ||
| 041 | _ageo | ||
| 080 | _a316(075.8) ს-74 | ||
| 245 |
_aსოციოლოგია იურისტებისათვის = Социология для юристов _bსახელმძღვ. სტუდ., რომლებიც სწავლობენ "იურისპრუდენციის" სპეციალობით / _c ნ.დ. ერიაშვილი, დ.ი. ბელსკი, ა.ი. კრავჩენკო, ს.ი. კურგანოვი ; რედ. ნ.ერიაშვილი. |
||
| 264 |
_aთბილისი : _bსამართლიანი საქართველო, _c2011. |
||
| 300 |
_a468 გვ.: _bცხრ.ნახ. _c21 სმ. |
||
| 504 | _aბიბლიოგრ.ტექსტი,შენიშვნ.:გვ.459-461 | ||
| 653 | _aსოციოლოგია იურისტებისათვის | ||
| 700 |
_aერიაშვილი, ნ.დ _98215 |
||
| 700 |
_a ბელსკი, დ.ი _99313 |
||
| 700 |
_a კრავჩენკო, ა.ი _99314 |
||
| 700 |
_a კურგანოვი,, ს.ი. _99315 |
||
| 942 |
_cBK _2udc |
||